Introducción a la Economía/ (Registro nro. 7788)
[ vista simple ]
| 000 -LEADER | |
|---|---|
| fixed length control field | 00998nam a2200217Ia 4500 |
| 005 - FECHA Y HORA DE LA ÚLTIMA TRANSACCIÓN | |
| control field | 20230401114557.0 |
| 008 - FIXED-LENGTH DATA ELEMENTS--GENERAL INFORMATION | |
| fixed length control field | 230401s9999 xx 000 0 und d |
| 020 ## - INTERNATIONAL STANDARD BOOK NUMBER | |
| International Standard Book Number | 970-15-1058-5 |
| 040 ## - CATALOGING SOURCE | |
| Original cataloging agency | UPAN |
| Transcribing agency | Biblioteca San Vicente |
| Description conventions | RCAA2 |
| 041 ## - LANGUAGE CODE | |
| Language code of text/sound track or separate title | spa |
| 082 ## - DEWEY DECIMAL CLASSIFICATION NUMBER | |
| Classification number | 330 |
| Item number | R677i |
| 100 ## - MAIN ENTRY--PERSONAL NAME | |
| Personal name | Rossetti, José Paschoal |
| Relator code | aut. |
| 245 #0 - TITLE STATEMENT | |
| Title | Introducción a la Economía/ |
| Statement of responsibility, etc | José Paschoal Rossetti; Mercedes Pimienta Pérez |
| 250 ## - EDITION STATEMENT | |
| Edition statement | 3° ed. |
| 260 ## - PUBLICATION, DISTRIBUTION, ETC. (IMPRINT) | |
| Place of publication, distribution, etc | Mexico: |
| Name of publisher, distributor, etc | Oxford, |
| Date of publication, distribution, etc | 2002 |
| 300 ## - PHYSICAL DESCRIPTION | |
| Extent | 868 p. |
| Dimensions | 27 cm. |
| 520 ## - SUMMARY, ETC. | |
| Summary, etc | Parte I: La comprensión en la economía<br/>Parte II: Teoría microeconómica básica.<br/>Parte III: Concepto y calculo de los agregados del sector real de la economía.<br/>Parte IV: Concepto y medición de los agregados del sector financiero de la economía<br/>Parte V: Teoría macroeconómica básica.<br/>Parte VI: La economía nacional y las relaciones económicas internacionales.<br/> |
| 650 ## - SUBJECT ADDED ENTRY--TOPICAL TERM | |
| Source of heading or term | LEMB |
| General subdivision | Economía |
| 700 ## - ADDED ENTRY--PERSONAL NAME | |
| Personal name | Mercedes Pimienta Perez |
| Relator code | tr. |
| 942 ## - ADDED ENTRY ELEMENTS (KOHA) | |
| Koha item type | Libros |
| Source of classification or shelving scheme | Dewey Decimal Classification |
| Withdrawn status | Lost status | Source of classification or shelving scheme | Damaged status | Not for loan | Collection code | Home library | Current library | Date acquired | Total Checkouts | Full call number | Barcode | Date last seen | Price effective from | Koha item type | Copy number |
|---|---|---|---|---|---|---|---|---|---|---|---|---|---|---|---|
| Dewey Decimal Classification | Colección General | Biblioteca UPAN San Vicente | Biblioteca UPAN San Vicente | 01/04/2023 | 330 R677i | 12000380 | 01/04/2023 | 01/04/2023 | Libros | ||||||
| Dewey Decimal Classification | Colección General | Biblioteca UPAN San Vicente | Biblioteca UPAN San Vicente | 01/04/2023 | 330 R677i | 12003560 | 01/04/2023 | 01/04/2023 | Libros | 02 | |||||
| Dewey Decimal Classification | Colección General | Biblioteca UPAN San Vicente | Biblioteca UPAN San Vicente | 01/04/2023 | 330 R677i | 12000379 | 01/04/2023 | 01/04/2023 | Libros | 03 | |||||
| Dewey Decimal Classification | Colección General | Biblioteca UPAN San Vicente | Biblioteca UPAN San Vicente | 01/04/2023 | 330 R677i | 12000375 | 01/04/2023 | 01/04/2023 | Libros | 01 | |||||
| Dewey Decimal Classification | Colección General | Biblioteca UPAN San Vicente | Biblioteca UPAN San Vicente | 01/04/2023 | 330 R677i | 12000374 | 01/04/2023 | 01/04/2023 | Libros | 04 |